000 00252nam a22001217a 4500
003 SGT
082 _a370
_bJHA
100 _aJHA, SANJAY RODRICK
245 _aTEACHING ENGLISH
260 _aDELHI
_bRI PUB.
_c2019
300 _a187
942 _2ddc
_cBK
_01
999 _c17560
_d17560